Los 10 principales países afectados por Covid19 16 de abril - Estadísticas

Estadísticas generales
  • Esta prueba ha sido intentada 25 veces
  • La puntuación promedio es 10 de 14
Estadísticas de respuestas
tasa por
millón
país % Correcto
China
100%
3568 España
100%
2031 Francia
100%
2586 Italia
100%
1687 Estados Unidos
96%
.. Alemania
91%
Reino Unido
78%
Irán
57%
2558 Bélgica
52%
.. Países Bajos
52%
2937 Suiza
48%
1627 Portugal
39%
Turquía
39%
1955 Irlanda
17%
No se encontraron pruebas coincidentes
Distribución de puntuación
Porcentaje de gente con cada puntuación
Porcentaje por número respondido
Historial de tus puntuaciones
No has intentado esta prueba.